000 00569nam a2200229Ia 4500
003 OSt
005 20250717133439.0
008 210210b2018 xxu||||| |||| 00| 0 eng d
020 _a9789386418906
040 _cAL
041 _aeng
082 _a001.434 DASD
100 _aDas M N
_944113
245 _aDesign and analysis of experiments Ed 3
250 _a3
260 _aLondon
_bNew Age International (P) Limited Publishers
_c2018
300 _axii,488p
690 _aResearch
_944114
700 _aGiri N C
_944115
906 _a072136
942 _2ddc
_cBK
999 _c122026
_d122026